|
|
|
|
| LEADER |
00000cam a2200000 a 4500 |
| 001 |
36729 |
| 003 |
CZ-ZlUTB |
| 005 |
20190826000804.0 |
| 007 |
ta |
| 008 |
070329s2006 xr a e 000 0 cze |
| 020 |
|
|
|a 8023984489
|q (brož.)
|
| 040 |
|
|
|a ABA001
|b cze
|d ZLD002
|
| 043 |
|
|
|a e-xr---
|
| 072 |
|
7 |
|a 334
|x Formy organizace a spolupráce v ekonomice
|2 Konspekt
|9 4
|
| 080 |
|
|
|a 334.012.46
|2 MRF
|
| 080 |
|
|
|a 37.0
|2 MRF
|
| 080 |
|
|
|a 33
|2 MRF
|
| 080 |
|
|
|a 657.4
|2 MRF
|
| 080 |
|
|
|a (437.3)
|2 MRF
|
| 080 |
|
|
|a (047.31)
|2 MRF
|
| 100 |
1 |
|
|a Prouzová, Zuzana,
|d 1980-
|7 xx0062024
|4 aut
|
| 245 |
1 |
0 |
|a Ekonomické výsledky neziskových organizací v oblasti vzdělávání v roce 2005 /
|c Zuzana Prouzová
|
| 260 |
|
|
|a Brno :
|b CVNS - Centrum pro výzkum neziskového sektoru,
|c 2006
|
| 300 |
|
|
|a 24 s. :
|b il. ;
|c 28 cm
|
| 500 |
|
|
|a Název z obálky
|
| 650 |
0 |
7 |
|a neziskové organizace
|7 ph115448
|x ekonomické aspekty
|2 czenas
|
| 650 |
0 |
7 |
|a neziskové organizace
|7 ph115448
|z Česko
|2 czenas
|
| 650 |
0 |
7 |
|a vzdělávání
|7 ph127311
|x ekonomické aspekty
|2 czenas
|
| 650 |
0 |
7 |
|a vzdělávání
|7 ph127311
|z Česko
|2 czenas
|
| 650 |
0 |
7 |
|a hospodářské výsledky
|7 ph292474
|z Česko
|2 czenas
|
| 650 |
0 |
9 |
|a nonprofit organizations
|x economic aspects
|2 eczenas
|
| 650 |
0 |
9 |
|a nonprofit organizations
|z Czechia
|2 eczenas
|
| 650 |
0 |
9 |
|a education
|x economic aspects
|2 eczenas
|
| 650 |
0 |
9 |
|a education
|z Czechia
|2 eczenas
|
| 650 |
0 |
9 |
|a economic results
|z Czechia
|2 eczenas
|
| 655 |
|
7 |
|a výzkumné zprávy
|7 fd131869
|2 czenas
|
| 655 |
|
9 |
|a research reports
|2 eczenas
|
| 910 |
|
|
|a ZLD002
|
| 928 |
1 |
|
|a Centrum pro výzkum neziskového sektoru
|
| 928 |
9 |
|
|a Centrum pro výzkum neziskového sektoru
|
| 952 |
|
|
|0 0
|1 0
|4 0
|6 334PROUZOVÁZ
|7 0
|8 BOOK
|9 82374
|a UTBZL
|b UTBZL
|c 030
|d 2008-04-23
|l 0
|o 334/PROUZOVÁ,Z.
|p 420010106039
|r 2019-08-26 00:00:00
|v 80.00
|w 2019-08-26
|x N:dar | 20100831
|y 05
|
| 992 |
|
|
|a BK
|b SK
|
| 999 |
|
|
|c 36729
|d 36729
|